Online
Catalog

Dominican migration to the United states 1970-1997 : (Record no. 21984)

MARC details
000 -CABECERA
campo de control de longitud fija 00981nam a2200241 a 4500
001 - NÚMERO DE CONTROL
campo de control 000022486
005 - FECHA Y HORA DE LA ÚLTIMA TRANSACCIÓN
campo de control 20200930021633.0
008 - DATOS DE LONGITUD FIJA--INFORMACIÓN GENERAL
campo de control de longitud fija 101012s1999 xxu 000 0 spa d
040 ## - FUENTE DE LA CATALOGACIÓN
Centro catalogador/agencia de origen DO-SdBNP
Lengua de catalogación spa
Centro/agencia transcriptor BNPHU
041 17 - CÓDIGO DE LENGUA
Fuente del código eng
082 ## - NÚMERO DE LA CLASIFICACIÓN DECIMAL DEWEY
Número de clasificación 016.30482
Número de documento/Ítem A644d
100 1# - ENTRADA PRINCIPAL--NOMBRE DE PERSONA
Nombre de persona Aponte, Sarah
9 (RLIN) 43498
245 10 - MENCIÓN DE TÍTULO
Título Dominican migration to the United states 1970-1997 :
Resto del título an annotated bibliography /
Mención de responsabilidad, etc. Sarah Aponte ; prólogo Silvio Torres Saillant.
260 ## - PUBLICACIÓN, DISTRIBUCIÓN, ETC.
Lugar de publicación, distribución, etc. New York :
Nombre del editor, distribuidor, etc. The Cuny Dominican Studies Institute,
Fecha de publicación, distribución, etc. 1999.
300 ## - DESCRIPCIÓN FÍSICA
Extensión 178 p. ;
Dimensiones 22 cm.
500 ## - NOTA GENERAL
Nota general Incluye referencias bibliográficas y notas al pie de páginas
504 ## - NOTA DE BIBLIOGRAFÍA, ETC.
Nota de bibliografía, etc. Bibliografías p. 119-145
590 ## - NOTA LOCAL (RLIN)
Nota local Inventariado 2018/DG
650 #4 - PUNTO DE ACCESO ADICIONAL DE MATERIA--TÉRMINO DE MATERIA
Término de materia o nombre geográfico como elemento de entrada Dominicanos en estados unidos
Subdivisión cronológica 1970-1997
Subdivisión general Bibliografías
9 (RLIN) 46331
651 #4 - PUNTO DE ACCESO ADICIONAL DE MATERIA--NOMBRE GEOGRÁFICO
Nombre geográfico República Dominicana
Subdivisión general Emigración E Inmigración
Subdivisión cronológica 1970-1997
Subdivisión general Bibliografías
9 (RLIN) 46332
700 12 - PUNTO DE ACCESO ADICIONAL--NOMBRE DE PERSONA
Nombre de persona Torres Saillent, Silvio
Término indicativo de función/relación pról.
9 (RLIN) 46333
910 ## - DATOS DE OPCIÓN DEL USUARIO (OCLC)
Datos de opción del usuario Validado. Control de calidad MFF
Holdings
Estado de retiro Estado de pérdida Restricciones de uso No para préstamo Código de colección Localización permanente Ubicación/localización actual Ubicación en estantería Fecha de adquisición Número de inventario Total de préstamos Signatura topográfica completa Código de barras Fecha visto por última vez Precio válido a partir de Tipo de ítem Koha
      Excluido de préstamo Monografías: Libros y Folletos Patrimonio Dominicano Patrimonio Dominicano Depósito 12.10.2010 LF1   016.30482 A644d 22486-10 25.06.2020 25.06.2020 No se presta

Powered by Koha